00432 a2200157 450000100060000004000370000610000210004324000220006424500170008630000090010336200090011265000240012194200070014595201050015299900170025775777 cAnchieta - Colégio São Paulo aChamlian, Regina10aTrio tantãlpor10aTrio tantã a[14]0 a1996 4aLiteratura infantil cBK 00104070a88.1b88.1d2023-11-22l0oLI 028.5 C448tp7586/CSPr2023-11-22 14:33:24w2023-11-22yBK c75777d75777